<?xml version="1.0" encoding="UTF-8"?>
<collection xmlns="http://www.loc.gov/MARC21/slim">
 <record>
  <leader>06024nam a2200349 a 4500</leader>
  <controlfield tag="001">kal2506</controlfield>
  <controlfield tag="003">Gr-AtHEAL</controlfield>
  <controlfield tag="005">20160504123727.0</controlfield>
  <controlfield tag="006">m        d        </controlfield>
  <controlfield tag="008">160413s2015    gr      s           gre|c</controlfield>
  <datafield tag="020" ind1=" " ind2=" ">
   <subfield code="a">9789606032714</subfield>
  </datafield>
  <datafield tag="040" ind1=" " ind2=" ">
   <subfield code="a">GR-AtHEAL</subfield>
   <subfield code="b">gre</subfield>
   <subfield code="c">GR-AtHEAL</subfield>
  </datafield>
  <datafield tag="082" ind1="0" ind2="4">
   <subfield code="a">526</subfield>
   <subfield code="2">23</subfield>
  </datafield>
  <datafield tag="100" ind1="1" ind2=" ">
   <subfield code="a">Τσούλος, Λύσανδρος.</subfield>
   <subfield code="8">2085</subfield>
  </datafield>
  <datafield tag="245" ind1="1" ind2="0">
   <subfield code="a">Χαρτογραφική σύνθεση και απόδοση σε ψηφιακό περιβάλλον</subfield>
   <subfield code="h">[Ηλεκτρονικός πόρος] </subfield>
   <subfield code="c">Τσούλος, Λύσανδρος ; Σκοπελίτη, Ανδριανή ; Στάμου, Λήδα-Λελούδα ; Κριτικός αναγνώστης,Νάκος, Βύρωνας ; Τεχνική επιμέλεια,Φλώρος, Άγγελος.</subfield>
  </datafield>
  <datafield tag="260" ind1=" " ind2=" ">
   <subfield code="a">Αθήνα :</subfield>
   <subfield code="b">Σύνδεσμος Ελληνικών Ακαδημαϊκών Βιβλιοθηκών,</subfield>
   <subfield code="c">c2015.</subfield>
  </datafield>
  <datafield tag="490" ind1=" " ind2=" ">
   <subfield code="a">Ακαδημαϊκά Ηλεκτρονικά Συγγράμματα και Βοηθήματα Κάλλιπος</subfield>
   <subfield code="8">40</subfield>
  </datafield>
  <datafield tag="520" ind1=" " ind2=" ">
   <subfield code="a">Σκοπός του βοηθήματος είναι να καλύψει θέματα που προκύπτουν κατά τη σύνθεση ενός χάρτη σε ψηφιακό περιβάλλον, ο οποίος ενδέχεται να προορίζεται για έντυπη αναπαραγωγή, θέαση στην οθόνη είτε για δημοσιοποίηση στο διαδίκτυο. Καλύπτει τα ακόλουθα στάδια:• Σχεδιασμός και υλοποίηση χαρτογραφικής βάσης δεδομένων• Γεωαναφορά • Ψηφιακή καταγραφή γεωγραφικών δεδομένων• Αναζήτηση και αξιοποίηση χωρικών δεδομένων σε περιβάλλον διαδικτύου • Έλεγχος ποιότητας χαρτογραφικών δεδομένων • Αλλαγή συστήματος αναφοράς συντεταγμένων• Δημιουργία Ψηφιακού Μοντέλου Εδάφους και εφαρμογές • Χαρτογραφική Γενίκευση• Σχεδίαση χαρτοσύνθεσης• Δημιουργία υλικού έντυπης αναπαραγωγής • Δημοσιοποίηση χαρτογραφικών δεδομένων και σύνθεση χάρτη σε περιβάλλον διαδικτύουΟ ρόλος του είναι διττός καθώς περιλαμβάνει τη θεωρητική ανάλυση κάθε φάσης συλλογής, επεξεργασίας και χαρτογραφικής απόδοσης και παράλληλα περιέχει συγκεκριμένες προτάσεις και λύσεις που επιτρέπουν στο φοιτητή να εφαρμόσει τις βέλτιστες πρακτικές της χαρτογραφίας και να πετύχει εκπαιδευτικά την αφομοίωση της χαρτογραφικής γνώσης. Παράλληλα για κάθε φάση περιλαμβάνονται αναλυτικές οδηγίες υλοποίησής της στο πλαίσιο λογισμικού Συστημάτων Γεωγραφικών Πληροφοριών π.χ. ArcGIS αλλά και λογισμικού ανοικτού κώδικα όπου αυτό είναι δυνατό π.χ. QGIS, Geoserver. Το βοήθημα αυτό μπορεί να χρησιμοποιηθεί σε προπτυχιακά και μεταπτυχιακά μαθήματα που εντάσσονται στα γνωστικά αντικείμενα της Χαρτογραφίας και των Συστημάτων Γεωγραφικών Πληροφοριών. Ακόμα θα μπορούσε να χρησιμοποιηθεί από κάθε μάθημα που χρησιμοποιεί γεωγραφικά δεδομένα και χάρτες σε ψηφιακό περιβάλλον για εφαρμογές όπως Τεχνική Υδρολογία, Κτηματολόγιο, Περιβαλλοντικές Μελέτες, Γεωλογία κ.ά. Απευθύνεται επίσης σε επαγγελματίες μηχανικούς ή άλλους επιστήμονες των γεωεπιστημών που επιθυμούν να εφαρμόσουν τα θέματα που καλύπτει. Το υλικό του βοηθήματος είναι σύμφωνο με τη διεθνή πρακτική για τη διδασκαλία της Χαρτογραφίας και των Συστημάτων Γεωγραφικών Πληροφοριών.</subfield>
  </datafield>
  <datafield tag="650" ind1=" " ind2="0">
   <subfield code="a">Digital mapping</subfield>
   <subfield code="8">2743</subfield>
  </datafield>
  <datafield tag="653" ind1=" " ind2=" ">
   <subfield code="a">Χαρτοσύνθεση</subfield>
  </datafield>
  <datafield tag="653" ind1=" " ind2=" ">
   <subfield code="a">Διαδίκτυο</subfield>
  </datafield>
  <datafield tag="653" ind1=" " ind2=" ">
   <subfield code="a">Επεξεργασία γεωγραφικών δεδομένων</subfield>
  </datafield>
  <datafield tag="653" ind1=" " ind2=" ">
   <subfield code="a">Τεχνολογία και επιστήμες μηχανικών</subfield>
   <subfield code="a">Επιστήμες αγρονόμου-τοπογράφου μηχανικού</subfield>
   <subfield code="a">Γεωγραφικά συστήματα πληροφοριών</subfield>
  </datafield>
  <datafield tag="653" ind1=" " ind2=" ">
   <subfield code="a">Τεχνολογία και επιστήμες μηχανικών</subfield>
   <subfield code="a">Επιστήμες αγρονόμου-τοπογράφου μηχανικού</subfield>
   <subfield code="a">Χαρτογραφία - Γεωοπτικοποίηση</subfield>
  </datafield>
  <datafield tag="700" ind1="1" ind2=" ">
   <subfield code="a">Σκοπελίτη, Ανδριανή</subfield>
   <subfield code="e">Συγγραφέας</subfield>
   <subfield code="8">2086</subfield>
  </datafield>
  <datafield tag="700" ind1="1" ind2=" ">
   <subfield code="a">Στάμου, Λήδα-Λελούδα</subfield>
   <subfield code="e">Συγγραφέας</subfield>
   <subfield code="8">2087</subfield>
  </datafield>
  <datafield tag="700" ind1="1" ind2=" ">
   <subfield code="a">Νάκος, Βύρωνας</subfield>
   <subfield code="e">Κριτικός αναγνώστης</subfield>
   <subfield code="8">2088</subfield>
  </datafield>
  <datafield tag="856" ind1="4" ind2="0">
   <subfield code="u">http://hdl.handle.net/11419/2506</subfield>
   <subfield code="z">Πλήρες Κείμενο - Full text</subfield>
  </datafield>
  <datafield tag="907" ind1=" " ind2=" ">
   <subfield code="a">.b25678450</subfield>
   <subfield code="b">12-06-18</subfield>
   <subfield code="c">29-07-16</subfield>
  </datafield>
  <datafield tag="949" ind1=" " ind2=" ">
   <subfield code="0">0</subfield>
   <subfield code="1">0</subfield>
   <subfield code="2">ddc</subfield>
   <subfield code="4">0</subfield>
   <subfield code="6">526_000000000000000_ΤΣΟ</subfield>
   <subfield code="7">0</subfield>
   <subfield code="8">KALL</subfield>
   <subfield code="8">604</subfield>
   <subfield code="d">2016-04-13</subfield>
   <subfield code="r">2016-04-13</subfield>
   <subfield code="w">2016-04-13</subfield>
   <subfield code="z">526 ΤΣΟ</subfield>
   <subfield code="o">SEAB KALLIPOS</subfield>
  </datafield>
  <datafield tag="998" ind1=" " ind2=" ">
   <subfield code="a">80</subfield>
   <subfield code="a">01</subfield>
   <subfield code="a">02</subfield>
   <subfield code="a">03</subfield>
   <subfield code="a">04</subfield>
   <subfield code="a">05</subfield>
   <subfield code="a">06</subfield>
   <subfield code="a">07</subfield>
   <subfield code="a">08</subfield>
   <subfield code="a">09</subfield>
   <subfield code="a">10</subfield>
   <subfield code="a">11</subfield>
   <subfield code="a">12</subfield>
   <subfield code="a">13</subfield>
   <subfield code="a">14</subfield>
   <subfield code="a">15</subfield>
   <subfield code="a">16</subfield>
   <subfield code="a">17</subfield>
   <subfield code="a">18</subfield>
   <subfield code="a">19</subfield>
   <subfield code="a">20</subfield>
   <subfield code="a">21</subfield>
   <subfield code="a">22</subfield>
   <subfield code="a">23</subfield>
   <subfield code="a">24</subfield>
   <subfield code="a">25</subfield>
   <subfield code="a">26</subfield>
   <subfield code="b">10-05-17</subfield>
   <subfield code="c">m</subfield>
   <subfield code="d">z  </subfield>
   <subfield code="e">-</subfield>
   <subfield code="f">gre</subfield>
   <subfield code="g">gr </subfield>
   <subfield code="h">0</subfield>
  </datafield>
  <datafield tag="942" ind1=" " ind2=" ">
   <subfield code="2">ddc</subfield>
   <subfield code="c">KALLIPOS</subfield>
  </datafield>
 </record>
</collection>
